00730nam a22002057a 450000500170000001000150001702000260003203500140005803700140007208200080008610000210009424502060011526000420032127000370036330000280040050000260042870000220045470000260047670000220050220180423123034.0 aENG-122529 a9789383166176c625.00 aEN-106061 bDBAD/PUB. a321 aBozarslan, Hamit aFrench writings on India and South Asia Revolutionary passions:cby Hamit Bozarslan; Gilles Bataillon [and] Christophe Jaffrelof; translated by Soma Datta GuptabLatin Americal, middle east and india / aNew DelhibSocial Science Pressc2017 a69, Jor Bagh,bNew Delhie110003 a201p.bill. c22cm.(Hb) aIncludes bibliography dGilles Bataillon  dJaffrelof, Christophe dGupta, Soma Datta